000 00591cam a22002292a 4500
999 _c28447
_d28447
001 022750
003 AR-FADEU
005 20220408180814.0
008 311216n1989####xxu####################dd
020 _a84-252-1395-9
040 _cBiblioteca Ernesto Sabato
092 _a070.48
_bB737
_eBDGR
100 _aBorrat, Héctor
245 _aEl periódico, actor político
260 _aBarcelona
260 _bGustavo Gili
260 _c1989
300 _a167 p
500 _aIncluye bibliografía
650 _aPERIODISMO POLITICO; DISCURSO DEL PODER/NS/
942 _cBDGR
_2ddc